Konstruktorzy zwyciężający GP - Statystyki

Ogólne statystyki
  • Ten quiz został rozwiązany 19 razy
  • Średni wynik to 13 z 37
Statystyki odpowiedzi
# Państwo Konstruktor Ilość
Wygranych
Lata
Startów
% Poprawnych
1 Włochy Ferrari 242 1950-2022
100%
3 Niemcy Mercedes 125 1954-19552010-2022
100%
2 WielkaBrytania McLaren 183 1966-2022
94%
5 Austria/Wielka Brytania Red Bull 92 2005-2022
94%
7 Francja/Wielka Brytania Renault 35 1977-19852002-2011 2016-2020
83%
4 WielkaBrytania Williams 114 1977-2022
78%
13 Włochy/Szwajcaria Alfa Romeo 10 1950-19511979-1985 2019-2022
72%
21 Japonia Honda 3 1964-19682006-2008
61%
6 WielkaBrytania/ Malezja Lotus 81 1958-19542010-2015
61%
26 Wlochy Alpha Tauri 1 2020-2022
50%
26 NiemcySzwajcaria BMW Sauber 1 2006-2010
50%
26 Włochy Toro Rosso 1 2006-2019
50%
26 Niemcy Porsche 1 1958-1964
39%
9 WielkaBrytania/ Włochy Benetton 27 1986-2001
33%
18 WielkaBrytania Brawn 8 2009
33%
20 Irlandia Jordan 4 1991-2005
33%
26 WielkaBrytania Racing Point 1 2019-2022
33%
7 WielkaBrytania Brabham 35 1962-1992
28%
14 Francja Ligier 9 1976-1996
28%
10 WielkaBrytania Tyrell 23 1970-1998
22%
11 WielkaBrytania BRM 17 19511956-1977
17%
12 WielkaBrytania Cooper 16 1950-1969
17%
26 WielkaBrytania Hesketh 1 1974-1978
17%
14 Włochy Maserati 9 1950-1960
17%
14 Francja Matra 9 1967-1972
17%
26 USA Penske 1 1974-1977
17%
21 WielkaBrytania March 3 1970-19771981-1982 1987-1989 1992
11%
26 WielkaBrytania Stewart 1 1997-1999
11%
14 WielkaBrytania Vanwall 9 1954-1960
11%
21 Kanada Wolf 3 1977-1979
11%
26 USA Eagle 1 1966-1969
6%
25 USA Epperly 2 1955-1960
6%
19 USA Kurtis Kraft 5 1950-1960
6%
26 USA Kuzma 1 1951-1960
6%
26 WielkaBrytania/ USA Shadow 1 1973-1980
6%
21 USA Watson 3 1950-19531956-1960
6%
26 Francja Esteban Ocon 1 2021-2022
0%
Nie znaleziono quizów pasujących do podanych kryteriów
Rozkład punktacji
Procent ludzi z każdym wynikiem
Percentyl według liczby udzielonych odpowiedzi
Twoja historia wyników
Nie rozwiązałeś tego quizu